Exchange Rate Pass-Through in Spain

Na minha lista:
Detalhes bibliográficos
Autor principal: Murgasova, Zuzana
Formato: Livro
Idioma:inglês
Publicado em: Washington International Monetary Fund 1996
Edição:1. ed.
Colecção:IMF Working Paper 114
Assuntos:
Tags: Adicionar Tag
Sem tags, seja o primeiro a adicionar uma tag!

MARC

LEADER 00000nam a2200000 4500
001 c017506
005 20221205125155.6
041 0 |a eng 
044 |a US 
245 1 0 |a Exchange Rate Pass-Through in Spain  |c Zuzana Murgasova 
250 |a 1. ed. 
264 1 |a Washington  |b International Monetary Fund  |c 1996 
300 |a 23 s. 
490 1 |a IMF Working Paper  |v 114 
830 0 |a IMF Working Paper  |v 114 
610 2 0 |a kurz výmenný 
610 2 0 |a mena 
610 2 0 |a stabilita meny 
610 2 0 |a stagnácia 
610 2 0 |a inflácia 
610 2 0 |a devalvácia 
610 2 0 |a indexy cenové 
610 2 0 |a peseta 
610 2 0 |a ekonometria 
610 2 0 |a simulácia 
610 2 0 |a modelovanie ekonometrické 
610 2 0 |a Španielsko 
100 1 |a Murgasova, Zuzana